00960nam a22001457a 4500008004100000020001400041050001300055100002000068245006400088260004600152300003000198500002000228505054100248650002500789111110t xxu||||| |||| 00| 0 eng d a185805095 aHB61.M34 aSutcliffe, Mark aEssential elements of business economics /cMark Sutcliffe aGuernesy:bGuernesy Press Co.Ltd.cc1994. avii,135p.:billus.c28cm. aIncludes index. aContents: An introduction to business economics -- Resource allocation -- Business organizations -- Business organizations -- Business costs and market prices -- Market structure and the conduct of business -- Small firms and multinationals -- The Labour market and the determination of wages -- Investment, R&D and training-- National economic change and business activity -- Money, banking and inflation -- Economic policy and the business environment -- The International dimension -- The European Union and the business environment. aManagerial economics